000 02837cam a22004814i 4500
003 PE-LiUPU
005 20250731173345.0
008 150706s r 000 0 d
020 _a9780300140453
035 _a(Sirsi) i9780300140453
040 _aPE-LiUPU
_bspa
_cPE-LiUPU
_erda
049 _aPRUA
082 0 4 _a220.7
_bAB 33B
_221
100 1 _aReumann, John,
_eautor.
245 1 0 _aPhilippians :
_ba new translation with introduction and commentary /
_cJohn Reumann.
264 1 _aNew Haven :
_bYale University Press,
_c2008.
300 _a805 páginas ;
_c24 centímetros
336 _atext
_2rdacontent
337 _aunmediated
_2rdamedia
338 _avolume
_2rdacarrier
490 0 _aThe Anchor Bible ;
_v33B
504 _aIncluye bibliografía.
505 0 _aPhilippi and environs -- Paul and Philippi in acts: The founding -- The letter (S) "to the Philippians" (Pros Philippesious) -- Text, Glosses, and interpolation theories -- Authorship -- Partition theories and the unity (integrity) of the document -- Theories on place, and date of Writing for the (Three) letters and their redaction -- Chronology Paul and Philippe -- Methods and Approach in this commentary -- Theology in Philippians -- Translation, notes, comment, and sectional bibliographies -- Letter opening, 1:1-11 -- The Body of the letter, 1:12-4:20 -- Letter B. Body, 1:12-3:1 -- The Philippians' Encomium, applied by Paul to Christian life in Philippi, 2:5-11 -- Paraenesis (Exhortatio, with Further Reasons for the Comfort -- Travel plans for mission and Some Paraenesis, 2:19-30 -- Toward concluding Paraenesis, 3:1 -- A Brusque warning: "Circumcision" and Us, 3:2-4a -- Saul the Pharisee, Paul "In Christ": autobiographical -- Paul and the Philippians: Running Toward the Goal -- The Pauline model versus enemies of Christ's cross: future Change, Proper Glory 3:17-21 -- Concluding paraenesis (with letter Closing), 4:1-9 -- Friendship, thanks, and God, 4:10-20 -- Epistolary postscript (Greetings, Benediction), 4:21-23.
526 _aSEG42
526 _aSEG41
526 _aSEG40
526 _aSEG39
526 _aP94
526 _aP87
526 _aP86
526 _aP85
526 _aP77
526 _aP76
526 _aP35
541 _g48239-0292;
630 _aBiblia.
_pN.T .
_pFilipenses
_xComentarios.
910 _agl
_bjv
_clch
_d20091201
942 _2ddc
_cBOOK
949 _a220.7 AB 33B
_wDEWEY
_c1
_i60707
_lCCODEBUL1
_mBUL
_p49.00
_r0
_sY
_tBOOK
_u2015-7-6
_xTEOLOGIA
_zUNKNOWN
_0COMPRA
_o.STAFF. Colección General
994 _aC0
_bPEPRU
596 _a1
999 _a220.7 AB 33B
_wDEWEY
_c50107
_i60707
_f2021-11-9
_g5
_lCCODEBUL1
_mBUL
_p49.00
_r0
_sY
_tBOOK
_u2015-7-6
_xTEOLOGIA
_PP35
_0COMPRA
_o.STAFF. Colección General
_d50107
980 _81
_gALBERTO SANCHEZ Responsable de Automatización